[Event "RUS-ch 68th"]
[Site "Chita"]
[Date "2015.08.16"]
[Round "7"]
[White "Khismatullin, Denis Rimovich"]
[Black "Dubov, Daniil"]
[Result "0-1"]
[WhiteElo "2642"]
[BlackElo "2654"]
[Annotator "Sagar Shah"]
[PlyCount "128"]
[EventDate "2015.08.09"]
[EventType "tourn"]
[EventRounds "11"]
[EventCountry "RUS"]
[EventCategory "18"]
[SourceTitle "CBM 168"]
[Source "ChessBase"]
[SourceDate "2015.09.14"]
[SourceVersion "1"]
[SourceVersionDate "2015.09.14"]
[SourceQuality "1"]

{Khismatullin showed some amazing flights of imaginative thinking in this game.
It is a pity that he ended up on the losing side but in any case you must have
a look at his extremely intuitive queen sacrifice.} 1. d4 d5 2. c4 c6 3. Nf3
Nf6 4. e3 g6 5. b4 $5 {As is usual with Khismatullin he chooses a relatively
unexplored move but one that is pretty sound.} (5. Nc3 {leads to the main
lines.}) 5... Bg7 6. a4 O-O {While White captures space on the queenside,
Black finishes his development.} 7. Nbd2 Ne4 8. Bb2 Bg4 {Khismatullin was
making his moves quite quickly, Dubov was thinking for every move trying to
understand the position. Here, however, Denis thought for 22 minutes!} 9. Qb3
a5 10. b5 Nd7 $5 {Dubov decides to sacrifice a pawn in order to exploit his
lead in development.} (10... dxc4 11. Bxc4 Nd6 (11... Nxd2 12. Nxd2 $14 {
is clearly in White's favour.}) 12. O-O (12. Be2 cxb5 13. axb5 Be6 $11) 12...
cxb5 13. axb5 $14) 11. cxd5 cxd5 12. Qxd5 {Khismatullin takes up the challenge.
} Nxd2 13. Nxd2 e5 {The position is quite dangerous from White's point of view.
He has to get his bishop on f1 out before he can safely 0-0.} 14. Be2 $1 {
A very nice move developing a piece.} (14. dxe5 Nxe5 15. Qxd8 Rfxd8 {Black has
an excellent position with more than enough compensation for the pawn. A
sample line could go something like this:} 16. f3 Nxf3+ 17. gxf3 Bxb2 18. Ra2
Bc3 (18... Rxd2 19. Kxd2 Bxf3 {is also an interesting option. Black is not
worse here.}) 19. fxg4 Rxd2 20. Rxd2 Rd8 $11 {With equality.}) 14... Be6 (14...
Bxe2 15. Kxe2 $16 {With the exchange on light square bishops, the queen on d5
feels very safe.}) 15. Qe4 (15. Qxb7 exd4 16. Bxd4 Bxd4 17. exd4 Nb6 $15 {
[%cal Gd8d4,Ge6d5]}) 15... Re8 (15... Bf5 {could have resulted in a repetition
but Dubov was not content with the half point.}) 16. d5 $5 {After 19 minutes
Khismatullin comes up with this original solution.} Nf6 {Dubov must have
understood that what he was going in for was going to be quite a dangerous
position and hence took 18 minutes to make his decision of winning the queen.}
(16... Bf5 17. Qc4 Rc8 18. Qa2 Rc2 19. Rc1 $14 {With the rook being evicted
and 0-0 coming up soon, the worst is behind White.}) 17. dxe6 (17. Qb1 Qxd5 $15
{gives Black a clear edge in the position.}) 17... Nxe4 18. exf7+ Kxf7 19. Bc4+
Re6 $5 {Dubov gives back an exchange in order to get rid of at least one of
the white bishops.} ({Kf8 leads to some very interesting variations.} 19... Kf8
20. Ba3+ $6 (20. Nxe4 $44 {was the best move and gives White decent
compensation.} Bh6 {making space on g7.} 21. Ba3+ Kg7 22. O-O {Playing from
White's side somehow seems easier because of the fantastic knight on e4.})
20... Nd6 $1 21. Ne4 Bf6 $1 22. Nxd6 (22. Bxd6+ Be7 $19) (22. Rd1 Be7 23. Nxd6
Qb6 $19) 22... Be7 23. Nxe8 Bxa3 24. Rxa3 Qe7 $1 {This very important move
throws a spanner into the works and doesn't allow White to 0-0 and get a
fighting position.} (24... Qxe8 25. O-O $44) 25. Rb3 Rc8 26. Be2 Rc1+ 27. Bd1
Qd7 $19 {This shows that Ba3+ after 19...Kf8 loses for White.}) 20. Nxe4 Rc8 {
Developing with a tempo and stopping Nc5.} 21. Bxe6+ (21. Bb3 $2 Qd3 22. Ng5+
Kf6 23. Bxe6 Rc2 $19) (21. Ba2 $6 Qd3 22. Ng5+ Ke7 23. Rd1 Qxd1+ 24. Kxd1 Rd6+
25. Ke1 Rc2 $17) 21... Kxe6 22. O-O {White has a rook+knight+pawn for the
queen. And the knight has an excellent square on e4. I would say that White
has great compensation.} Qd3 23. Ng5+ Kf5 24. h4 Qe2 25. e4+ Kg4 {Will this
game qualify as one of the greatest king walks? I don't think so. The black
king is not going to help in any mating attacks but it keeps itself safe and
that is quite important. This leaves the other pieces to do their duties.} 26.
Bc1 Rc3 27. Be3 (27. Nxh7 Kxh4 28. Bg5+ Kg4 (28... Kh5 $2 29. f3 $1 {The
threat of g4 decides the game.}) 29. Rae1 Qa2 30. Kh2 $19 {f3 is a deadly
threat now.}) 27... Kxh4 (27... Rxe3 $1 28. fxe3 Qxe3+ 29. Kh1 Bh6 30. Rae1 Qb3
31. Nxh7 Qxa4 $11 {Black has enough resources to hold the balance.}) 28. Nf3+
Kh5 29. Rad1 Qc2 $2 30. Rfe1 (30. Rc1 $1 {would have given White a very huge
advantage as the rook is penetrating to c7.} Qb2 31. Rxc3 Qxc3 32. Rc1 Qb3 33.
Rc7 $18 {The bishop cannot move as Rxh7 would lead to a mate and otherwise the
b7-pawn is hanging and White's guy on b5 will slowly march down to the last
rank.}) 30... g5 31. Nh2 $6 (31. Rd7 Rc7 32. Rxc7 Qxc7 33. Rc1 $11 {White
should be able to maintain the balance.}) (31. Nxg5 $2 Rxe3 $1 $19) (31. Bxg5
$2 Rxf3 $1 $17) 31... Rd3 32. Rc1 Qxa4 $17 {The black king is no longer
stranded on h5. He has made a way to come back to g6 and White has also lost
his a4 pawn. Black's position is much better now and after a few mistakes
Dubov was able to take home the full point.} 33. b6 Kg6 34. Nf1 Qxe4 35. Rc7 a4
36. Rec1 a3 37. R1c4 Qd5 38. R4c5 Qd6 39. Rxb7 a2 (39... Rxe3 $5 40. Rbc7 {
Threatening Rc6.} (40. Rcc7 Re1 41. Rxg7+ Kf5 42. Rgf7+ Ke6 $19) 40... Bf6 41.
fxe3 Qxb6 $17) 40. Rc1 e4 41. Ra7 a1=Q 42. Raxa1 Bxa1 43. Rxa1 Rd1 44. Rxd1
Qxd1 {This is no fortress, Black manages to break through easily.} 45. b7 (45.
Bc5 h5 46. Be3 h4 47. Bc5 g4 48. Be3 Qb1 49. Bc5 Kf5 50. Be3 Kf6 51. Bc5 Ke6
52. Be3 Kd6 53. Bd4 Kd5 54. Be3 Kc4 {The king comes in and the game is over.})
45... Qb1 46. g4 Qxb7 47. Kg2 Qd7 48. Nh2 Qd1 49. Ba7 Kf6 50. Bb6 Ke5 51. Ba7
Kd5 52. Bb6 Kc4 53. Ba7 Kd3 54. Bb6 Ke2 55. Bc5 Qd7 56. Bb6 Qf7 57. Be3 h6 58.
Bb6 h5 59. gxh5 Qxh5 60. Nf1 (60. Be3 g4 $19) 60... Qf3+ 61. Kg1 Qh3 62. Ne3
Kf3 63. Bd4 g4 64. Be5 g3 (64... g3 65. Bxg3 Qxg3+ 66. fxg3 Kxe3 67. g4 Kd2 68.
g5 e3 69. g6 e2 $19 {A very fighting and interesting game of chess.}) 0-1

[Event "RUS-ch 68th"]
[Site "Chita"]
[Date "2015.08.17"]
[Round "8"]
[White "Motylev, Alexander"]
[Black "Khismatullin, Denis Rimovich"]
[Result "0-1"]
[WhiteElo "2658"]
[BlackElo "2642"]
[Annotator "Sagar Shah"]
[PlyCount "80"]
[EventDate "2015.08.09"]
[EventType "tourn"]
[EventRounds "11"]
[EventCountry "RUS"]
[EventCategory "18"]
[SourceTitle "CBM 168"]
[Source "ChessBase"]
[SourceDate "2015.09.14"]
[SourceVersion "1"]
[SourceVersionDate "2015.09.14"]
[SourceQuality "1"]

{Khismatullin had been having quite a topsy turvy event. His win against
Svidler was excellent but he lost four games against Tomashevsky, Vitiugov,
Karjakin and Dubov. Today he struck back with a win against Motylev.} 1. e4 c5
2. Nf3 d6 3. d4 cxd4 4. Nxd4 Nf6 5. Nc3 a6 6. Bg5 {From the 36,000 odd games
that have reached this position, 30,000 have continued with the move e6.
Khismatullin plays the second most popular move in the position, one which has
seen 3700 outings.} Nbd7 $5 7. Bc4 h6 8. Bh4 g6 {This is a relatively unknown
line. The only famous players to have played it are Pachman, Polugaevsky and
Nepomniachtchi.} 9. Qe2 Bg7 10. O-O-O O-O {The game has now taken the contours
of a Dragon rather than a Najdorf. But there are a few differences. Who
benefits from these differences? The bishop on h4 seems a little misplaced but
at the same time the pawn has moved to h6 making the g6 square softer. The
knight instead of being on c6 is on d7 which could give it more flexibility
but less pressure on White's centre. All in all the position is complex and
interesting to play.} 11. f4 Qc7 {covering the c6 square before going b5.} 12.
f5 $5 {A very provocative move. White wants to force Black to play g5 when he
can chip away at his structure with the move h4. But at the same time he gives
up the e5 square. You get something, you lose something!} g5 13. Bg3 b5 14. Bb3
Bb7 15. h4 {Khismatullin made his next move in 31 seconds. What would you have
done?} g4 $1 {Of course the position has to be kept closed.} 16. h5 Nc5 17. e5
{Seeing that the control over e5 has been loosened a bit, White rushes to push
ahead.} (17. Nd5 Nxb3+ 18. axb3 Bxd5 19. exd5 Nxd5 $13 {Black is doing fine.}
20. Qxg4 $2 Ne3 $17) 17... dxe5 {Khismatullin took eleven moves to make this
recapture. Maybe he was calculating whether he could slip in the move Nxb3
before taking on e5.} ({Another perfectly playable move was} 17... Nxb3+ 18.
axb3 dxe5 19. Bxe5 Qb6 $11) 18. Bxe5 Qb6 19. Rh4 $5 {Believe it or not this is
a pretty logical move. White would like to sacrifice his rook on g4. That
seems like the only way to get to the black king. The computer might assess
those positions in Black's favour but if a strong human player were to be
given this position, the first thought that would come to his mind is this one!
} (19. Bxf6 $2 Qxf6 20. Qxg4 Rad8 $15 {A strong grandmaster would never ever
go for winning the g4-pawn at the cost of giving Black an unopposed bishop on
g7.}) (19. Kb1 Rad8 20. Rhe1 {opting for central play was possible and maybe
the best but when the kings are on the opposite flanks more often than not you
want to go for your opponent's throat.}) 19... Kh7 $1 {Prophylactic measures
against the sacrifice on g4.} 20. Rxg4 {Motylev makes this inspired move but
the timing turns out to be incorrect. Black takes the material and keeps it.
Although we cannot condemn him for this decision because once you have said A 
(Rh4) you must say B (Rxg4).} Nxg4 {18 minutes to accept the sacrifice! And
the bold Houdini 4 shows -+ 1.60 in three seconds! A game of chess during the
game is way more intense than sitting at home with an engine in front of you.
You have to constantly be on the look out whether you are blundering something
or making a mistake. And that's why these players are great because even
though they take a lot of time, more often than not they are able to find the
right path.} 21. Bxg7 Kxg7 ({Taking on b3 first was more accurate.} 21... Nxb3+
22. Nxb3 (22. axb3 Rg8 $1 $19) 22... Qe3+ $1 23. Qxe3 Nxe3 24. Rd3 Kxg7 25.
Rxe3 Rac8 $19) 22. Qxg4+ Kh8 {There is no way to continue the attack.} (22...
Kh7 23. Bxf7 $1 $16) 23. Qe2 (23. Qf4 Qf6 $17) 23... Nxb3+ 24. Nxb3 Qf6 25. Na5
Qg5+ 26. Rd2 (26. Kb1 Bxg2 {Although this looks dangerous, there is no way to
refute it.} 27. Rg1 Bf3 $1 $19) 26... b4 $1 {Pushing away the knight to get
the d5-square.} 27. Na4 Bd5 28. c4 $6 (28. Nb6 Rad8 $19) (28. Qe5+ f6 29. Qxd5
Rfd8 $19) 28... bxc3 29. Nxc3 Rac8 $1 {White's pieces are all pinned against
the king.} 30. Kd1 Rfd8 {The reason why White's Rxg4 was incorrect is because
after a sacrifice like this at least some of your opponent's pieces should
find it difficult to develop. Here all of Black's pieces are so well placed
that you get a feeling why exactly did White sacrifice an exchange?!} 31. Ke1
Qh4+ 32. Qf2 Qh1+ 33. Qf1 Qxf1+ 34. Kxf1 Bxa2 $1 {Une petite combinaison!} 35.
Rxd8+ Rxd8 36. Nc6 (36. Nxa2 Rd1+ 37. Kf2 Ra1 $19) 36... Bc4+ 37. Ke1 Rd3 38.
Kf2 Rd2+ 39. Ke3 Rxb2 40. Ne5 Bb3 {A fine game by Khismatullin and this is one
of those tournaments where nothing is going so well for Motylev!} 0-1